Arteterapie v péči o seniory : průvodce výtvarnými aktivitami / Marie Gabriela Lhotová
Record details
- ISBN: 978-80-88429-46-3
- Physical Description: 103 stran : ilustrace (převážně barevné) ; 21 cm
- Edition: Vydání první
- Publisher: V Praze : Pasparta, 2022
Content descriptions
| Bibliography, etc. Note: | Obsahuje bibliografii a bibliografické odkazy |
Search for related items by subject
| Subject: | arteterapie > metody výtvarné práce > psychologické aspekty péče o seniory aktivizace seniorů |
| Genre: | příručky |
Available copies
- 1 of 1 copy available at Common Catalog SPOK.
Holds
- 0 current holds with 1 total copy.
Show All Copies
| Location | Call Number / Copy Notes | Barcode | Shelving Location | Status | Due Date |
|---|---|---|---|---|---|
| Jabok Library | Psy-9.8/L | 424480045633 | Odborná literatura | Available | - |
| LDR | 01726cam a2200481 i 4500 | ||
|---|---|---|---|
| 001 | 51389 | ||
| 003 | CZ-PrJAB | ||
| 005 | 20221018172752.0 | ||
| 007 | ta | ||
| 008 | 221018s2022 xr ad 000 0|cze d | ||
| 015 | . | ‡acnb003468985 | |
| 020 | . | ‡a978-80-88429-46-3 ‡q(brožováno) | |
| 035 | . | ‡a(CZ PrSKC)016020003908351 | |
| 040 | . | ‡aCBD005 ‡bcze ‡dULG001 ‡erda | |
| 072 | 7. | ‡a615.8 ‡xFyzioterapie. Psychoterapie. Alternativní lékařství ‡2Konspekt ‡914 | |
| 080 | . | ‡a615.851:7.02 ‡2MRF | |
| 080 | . | ‡a72/76.05 ‡2MRF | |
| 080 | . | ‡a159.9 ‡2MRF | |
| 080 | . | ‡a364.4-053.9 ‡2MRF | |
| 080 | . | ‡a364-787-026.12-053.9 ‡2MRF | |
| 080 | . | ‡a(035) ‡2MRF | |
| 100 | 1 | . | ‡aLhotová, Marie, ‡d1952- ‡7js20081027002 ‡4aut |
| 245 | 1 | 0. | ‡aArteterapie v péči o seniory : ‡bprůvodce výtvarnými aktivitami / ‡cMarie Gabriela Lhotová |
| 250 | . | ‡aVydání první | |
| 264 | 1. | ‡aV Praze : ‡bPasparta, ‡c2022 | |
| 300 | . | ‡a103 stran : ‡bilustrace (převážně barevné) ; ‡c21 cm | |
| 336 | . | ‡atext ‡btxt ‡2rdacontent | |
| 337 | . | ‡abez média ‡bn ‡2rdamedia | |
| 338 | . | ‡asvazek ‡bnc ‡2rdacarrier | |
| 504 | . | ‡aObsahuje bibliografii a bibliografické odkazy | |
| 650 | 0 | 7. | ‡aarteterapie ‡7ph118622 ‡xmetody ‡2czenas |
| 650 | 0 | 7. | ‡avýtvarné práce ‡7ph127466 ‡xpsychologické aspekty ‡2czenas |
| 650 | 0 | 7. | ‡apéče o seniory ‡7ph421549 ‡2czenas |
| 650 | 0 | 7. | ‡aaktivizace seniorů ‡7ph935167 ‡2czenas |
| 655 | 7. | ‡apříručky ‡7fd133209 ‡2czenas | |
| 910 | . | ‡aCBA001 ‡x1172690 ‡wl | |
| 910 | . | ‡aCBD005 ‡x000276379 ‡wl | |
| 910 | . | ‡aKLG001 ‡x1403569 ‡bJ 406706 ‡bJ 406706 a ‡wl | |
| 910 | . | ‡aLID001 ‡xkpm01702025 ‡bA 107481 ‡wl | |
| 910 | . | ‡aLNG501 ‡x017330000320397 ‡wl | |
| 910 | . | ‡aABG312 | |
| 950 | . | ‡aska | |
| 901 | . | ‡a51389 ‡bAUTOGEN ‡c51389 ‡tbiblio | |